Statistiken für Mathematik: Fibonacci-Folge (Kopfrechnen)

Klicken Sie hier um das Quiz zu spielen!

Allgemein

  • Dieses Quiz wurde 1.378 mal gespielt
  • Das Durchschnittsergebnis liegt bei 21 aus 35

Antwortstatistiken

Fibonacci-Folge% Korrekt
1
100%
1
100%
2
100%
3
100%
5
99%
8
99%
13
97%
21
96%
34
96%
55
95%
89
94%
144
91%
233
87%
377
86%
610
86%
0
85%
987
85%
1.597
84%
2.584
77%
4.181
70%
6.765
66%
10.946
59%
17.711
50%
28.657
43%
46.368
33%
75.025
21%
121.393
15%
196.418
11%
317.811
7%
514.229
5%
832.040
3%
1.346.269
2%
2.178.309
2%
3.524.578
1%
5.702.887
1%

Verteilung der Resultate

Perzentil nach korrekt beantworteten Fragen

Anzahl Personen mit jedem Resultat

Ihre Resultats-Entwicklung

Sie haben dieses Quiz noch nicht gespielt